000 02088nam0a22003971 4500
001 rc\90018
005 20210202163848.0
010 _9500
_d5 к.
021 _aRU
_b91-51608
035 _a(NLR Aleph) 005356613
090 _a6853773
_c6853773
100 _a20021216d1991 k y0rusy50 ca
101 0 _arus
102 _aRU
105 _ay z||||||||
200 1 _aРайграс однолетний - перспективная кормовая культура
_f[С.В. Куренкова, Т.К. Головко, В.А. Безносиков и др.
_gредкол.: В.П. Подоплелов (отв. ред.) и др.]
210 _aСыктывкар
_cКоми научный центр УрО АН СССР
_d1991
215 _a21, [3] с.
_d21
225 1 _aСерия препринтов сообщений "Научные рекомендации - народному хозяйству"
_fАН СССР. Урал. отд-ние. Коми науч. центр
_vвып. 94
300 _aАвт. указаны на обороте тит. л.
300 _aНа обл. заглавие сер.: Научные рекомендации - народному хозяйству
320 _aБиблиогр.: с. 23 (9 назв.)
512 1 _aНаучные рекомендации - народному хозяйству
606 1 _aРайграс многоукосный
_xКультура
_2nlr_sh1
_2nlr_sh2
_3RU\NLR\AUTH\66947175
686 1 _aП223.97-4(2Р31)
701 1 _aКуренкова
_bС. В.
_gСветлана Владимировна
701 1 _aГоловко
_bТ. К
_gТамара Константиновна
_3RU\NLR\AUTH\7713788
701 1 _aБезносиков
_bВ. А.
_gВасилий Александрович
702 1 _aПодоплелов
_bВ. П.
_gВладислав Павлович
_4340
712 0 2 _aАН СССР
_bКоми научный центр
_3RU\NLR\AUTH\887053
_4475
801 0 _aRU
_bNLR
_gpsbo
801 1 _aRU
_bELAR
_2rusmarc
852 _aNLR
_j91-6/2280
942 _cBOOK
980 _aNB